Fuel switch-over from fuel oil to biomass: Case study of a CDM project (Record no. 59616)

MARC details
000 -LEADER
fixed length control field 00470nam a2200133Ia 4500
100 ## - MAIN ENTRY--AUTHOR NAME
Personal name Jain Shashank
245 #0 - TITLE STATEMENT
Title Fuel switch-over from fuel oil to biomass: Case study of a CDM project
260 ## - PUBLICATION, DISTRIBUTION, ETC. (IMPRINT)
Name of publisher In: Kyoto Protocol and the Rubber Industry (Eds. James Jacob and N.M. Mathew) Rubber Research Institute of India, Kottayam, 2006, pp. 67-73.
650 ## - SUBJECT ADDED ENTRY--TOPICAL TERM
Topical Term Biomass
650 ## - SUBJECT ADDED ENTRY--TOPICAL TERM
Topical Term CDM
650 ## - SUBJECT ADDED ENTRY--TOPICAL TERM
Topical Term Fuel oil
942 ## - ADDED ENTRY ELEMENTS (KOHA)
Koha item type Journals
Holdings
Withdrawn status Lost status Damaged status Not for loan Home library Current library Shelving location Date acquired Koha item type
      Journals RRII Library RRII Library Plant physiology 16/07/2007 Journals